000 00363nam a22001457a 4500
003 NUST
005 20230221103814.0
082 _a297,BAL
100 _aBaloch, Naeem Ahmed
_9109093
245 _aAik Galet Fehmi Part.1 /
_cNaeem Ahmed Baloch,
260 _6Darussalam
_bLahore
_c2000
300 _a32 p
650 _aKids Darussalam
_9109243
942 _2ddc
_cBK
999 _c593379
_d593379